000 01056nam a22002897a 4500
005 20240530110434.0
008 150406s2010 ua g b 000 0 ara d
017 _a2009/20545
_bمصر . دار الكتب المصرية
020 _a9775471974
040 _aEG-CaGPL
082 0 4 _221
_a371.95\
_bس ع
100 0 _aسليمان عبدالواحد يوسف
245 1 0 _aعلم نفس الموهبة :
_bرؤية سيكولوجية وانعكاسات تربوية /
_cسليمان عبدالواحد يوسف
250 _aط1
260 _aالقاهرة :
_bمصر العربية للنشر والتوزيع ،
_c2010 .
300 _a335 ص ؛
_c24 سم
504 _aببليوجرافية : ص 303 - 335
650 0 4 _aالموهبة .
650 0 4 _aالابتكار .
650 0 4 _aالابداع .
650 0 4 _aالعبقرية
650 0 4 _aعلم النفس التربوى
650 0 4 _aالابداع الادبى والفنى
650 0 4 _aالقدرات
942 _2ddc
_cBK
999 _c60902
_d60902